Exercise and fitness

Bibliographic Details
Main Author: Ward, Brian R
Format: Book
Published: London : Franklin Watts , 1988
Series:Life Guides
Subjects:

MARC

LEADER 00000cam a2200000 7i4500
001 0000005659
002 000006117
005 20000330.0
020 |a 0863136672 
090 0 0 |a JR 613   |b WAR 
100 1 |a Ward, Brian R 
245 1 0 |a Exercise and fitness   |c Brian R Ward 
260 |a London :   |b Franklin Watts ,   |c 1988 
300 |a 48 p. ;   |c 25 cm. 
490 0 |a Life Guides 
650 0 0 |a Exercises   |x Juvenile literature 
999 |a 016112   |b BUKU   |c JUNIOR REFERENCE   |e PERPUSTAKAAN KOMUNITI PETALING JAYA